| 000 | 00512nam a22001931 4500 | ||
|---|---|---|---|
| 001 | 82837 | ||
| 003 | BD-RjUL | ||
| 005 | 20240129114529.0 | ||
| 008 | 810901s1911 mau 000 1 eng | ||
| 035 | _a(BD-RjUL)82837 | ||
| 040 |
_aDLC _cNcU _dDLC _beng |
||
| 041 | _aeng | ||
| 082 |
_a823 _bLEM 1911 |
||
| 100 | 1 |
_aLe Queux, William, _d1864-1927. _911221 |
|
| 245 | 1 | 4 |
_aThe money-spider/ _cby William Le Queux. |
| 260 |
_aBoston, _bR. G. Badger _c[c1911] |
||
| 300 |
_a4 p. l., 360 p. _c20 cm. |
||
| 942 |
_2ddc _cBK |
||
| 999 |
_c82837 _d82837 |
||